| Поле | Инд. | ПП | Название | Значение |
|---|---|---|---|---|
| Тип записи | a | |||
| Библиографический уровень | m | |||
| 001 | Контрольный номер | RU/IS/BASE/354299772 | ||
| 005 | Дата корректировки | 20240619102256.9 | ||
| 020 | c | Цена, тираж | 180000-00 | |
| 040 | b | Код языка каталог. | eng | |
| 041 | 0_ | a | Код языка текста | eng |
| 080 | a | Индекс УДК | 004.42 | |
| 084 | a | Индекс другой классификации/Индекс ББК | 32.973.3 | |
| 090 | 00 | x | Авторский знак | А67 |
| 097 | b | Оператор | 02 | |
| 245 | 00 | a | Заглавие | Applications of coputer systems |
| 246 | 01 | a | Другая форма заглавия | Приложения компьютерных систем |
| 260 | 00 | a | Место издания | Szczecin-Poland |
| b | Издательство | INFORMA | ||
| c | Дата издания | 1997 | ||
| 300 | 00 | a | Объем | 495 p. |
| 510 | 0_ | a | Примечание о ссылках | Издания на иностранных языках |
| 650 | 04 | a | Основная рубрика | 50.41 Программное обеспечение вычислительных машин, комплексов и сетей |
| x | Основная подрубрика | 50.41.25 Прикладное программное обеспечение | ||
| 653 | 0_ | a | Ключевые слова | программные приложения |
| 901 | t | Тип документа | m | |
| 990 | j | Количество экземпляров (DOS) | 1 |